000 00432nam a22001577a 4500
005 20260408130408.0
008 260408b |||||||| |||| 00| 0 eng d
082 _a351.72
_bNEW-G
100 _aNew System of Finance
245 _aNew System of Financial Control and Budgeting
260 _aIslamabad
_bFinance Division
_c2000
300 _a49 p.
500 _aGifted by Dr.Salman Hassan
650 _aAccounting
942 _cBK
999 _c47257
_d47257